| 000 -LEADER |
| fixed length control field |
00698pab a2200157 454500 |
| 008 - FIXED-LENGTH DATA ELEMENTS--GENERAL INFORMATION |
| fixed length control field |
180718b2000 xxu||||| |||| 00| 0 eng d |
| 100 ## - MAIN ENTRY--PERSONAL NAME |
| Personal name |
Barkdoll, Jake |
| 245 ## - TITLE STATEMENT |
| Title |
Balanced scorecards in the federal government |
| 260 ## - PUBLICATION, DISTRIBUTION, ETC. |
| Date of publication, distribution, etc. |
2000 |
| 300 ## - PHYSICAL DESCRIPTION |
| Extent |
p.43-45 |
| 362 ## - DATES OF PUBLICATION AND/OR SEQUENTIAL DESIGNATION |
| Dates of publication and/or sequential designation |
Fall |
| 520 ## - SUMMARY, ETC. |
| Summary, etc. |
The purpose of this article is to provide useful information to federal managers who are considering the use of balanced scorecards (BSC) in their organizations. It includes insights from the private sector where BSCs were first introduced, and from 15 federal organizations that have used scorecards for one or more years. |
| 650 ## - SUBJECT ADDED ENTRY--TOPICAL TERM |
| Topical term or geographic name entry element |
Public administration |
| 773 ## - HOST ITEM ENTRY |
| Main entry heading |
Public Manager |
| 909 ## - |
| -- |
51139 |